000 01197nam0a22003011 4500
001 v19\rc\1649322
005 20250619002617.0
035 _a(NLR Aleph) 004760956
090 _a4582701
_c4582701
100 _a20061002d1892 |||y0rusy50 ca
101 1 _arus
_cger
102 _aRU
105 _ay z |||||
200 1 _aРуководство к изучению географии
_fСост. Ф.В. Кельнер, преп. при Ревел. гор. (прежнем уезд.) уч-ще
_gПер. с нем. А.Н. Федоров, ст. преп. при Ревел. домском уч-ще
205 _a3-е изд., испр. и доп.
210 _aРевель
_cФ. Клуге
_d1892
215 _aVIII, 203 с.
_d21
700 1 _aКельнер
_bФ.В.
_gФридрих Вильгельм
_4220
702 1 _4730
_7ca
_8rus
_aФедоров
_bА. Н.
_cфилолог
_gАлександр Николаевич
_9221808
_3RU\NLR\AUTH\770221864
801 0 _aRU
_bNLR
_gpsbo
801 0 _aRU
_bRuMoRGB
_2psbo
801 1 _aRU
_bProSoft-M
_2rusmarc
852 _aNLR
_j18.211.2.40
899 _aRuMoRGB
_jA 192/250
899 _aRuMoRGB
_jU 58/422
942 _cBOOK
980 _aNB